Complete the Disney movie title p4 - Statistics

General Stats
  • This quiz has been taken 54 times
  • The average score is 11 of 14
Answer Stats
Hint Answer % Correct
The Many Adventures of ______ The Pooh Winnie
100%
Ralph ______ the Internet Breaks
93%
Finding ____ Dory
93%
Honey, I shrunk the ____ Kids
91%
Hocus _____ Pocus
91%
James and the _____ Peach Giant
86%
Turning ___ Red
86%
Raya and the ____ Dragon Last
79%
Pete’s ______ Dragon
65%
Homeward _____ Bound
63%
Bedknobs and ___________ Broomsticks
63%
Honey, I ____ up the Kid Blew
60%
Piglet’s ___ Movie Big
47%
The _____ Little Toaster Brave
37%
No matching quizzes found
Score Distribution
Percent of People with Each Score
Percentile by Number Answered
Your Score History
You have not taken this quiz